• 首页
  • 本馆介绍
  • 公告通知
  • 最新文献
  • 馆藏检索
  • 电子资源
  • 读者导购
  • 参考咨询
  • 我的图书馆
  • 登录
  • 详细信息显示
  • 放入我的书架
  • 预约/预借图书
  • 作者相关作品
  • 分类相关作品
  • 丛书相关作品
  • 出版社相关作品

书目信息

  • 表格格式
  • 工作单格式
  • 卡片格式
题名:
王阳明传
    
 
作者: 张杰 编著
分册:  
出版信息: 北京   中国书籍出版社  2017.12
页数: 401页
开本: 24cm
丛书名:
单 册:
中图分类: B248.25
科图分类:
主题词: 思想家--si xiang jia--传记--中国--明代
电子资源:
ISBN: 978-7-5068-6545-6
000 01063nam0 2200253 450
001 CAL 0120182420452
005 20230217093113.0
010    @a978-7-5068-6545-6@dCNY52.00
100    @a20180324d2017 em y0chiy0120 ea
101 0  @achi
102    @aCN@b110000
105    @ay z 000yb
106    @ar
200 1  @a王阳明传@Awang yang ming zhuan@e与传习录精要@f张杰编著
210    @a北京@c中国书籍出版社@d2017.12
215    @a401页@d24cm
330    @a本书分两部分系统地介绍了王阳明传奇的一生及其卓越的思想。上篇“传奇王阳明”是王阳明的人生传记, 讲述了王阳明是如何从一个叛逆少年成长为一代圣贤的传奇经历 ; 下篇“《传习录》全解”是王阳明门人子弟所记录的王氏讲学言论及其答友人弟子的论学书信的汇编, 它包含了王阳明的主要哲学体系及基本主张, 是研习阳明心学的最基本的著作。
517 1  @a与传习录精要@Ayu chuan xi lu jing yao
600  0 @a王守仁,@Awang shou ren@f1472-1528@x传记
606 0  @a思想家@Asi xiang jia@x传记@y中国@z明代
690    @aB248.25@v5
701  0 @a张杰@Azhang jie@4编著
801  0 @aCN@bBJXHZP@c20230228
905    @b1387167-70@dB248.25@e108@f4
    
    王阳明传:与传习录精要/张杰编著.-北京:中国书籍出版社,2017.12
    401页;24cm
    
    
    ISBN 978-7-5068-6545-6:CNY52.00
    本书分两部分系统地介绍了王阳明传奇的一生及其卓越的思想。上篇“传奇王阳明”是王阳明的人生传记, 讲述了王阳明是如何从一个叛逆少年成长为一代圣贤的传奇经历 ; 下篇“《传习录》全解”是王阳明门人子弟所记录的王氏讲学言论及其答友人弟子的论学书信的汇编, 它包含了王阳明的主要哲学体系及基本主张, 是研习阳明心学的最基本的著作。
●
相关链接 在E读中查询图书 在五车中查询图书 在当当中查询图书 在豆瓣中查询图书


正题名:王阳明传     索取号:B248.25/108         预约/预借

序号 登录号 条形码 馆藏地/架位号 状态 备注
1 1387167   213871675   第一样本阅览室/ [索取号:B248.25/108] 在馆    
2 1387168   213871684   第一借阅区/ [索取号:B248.25/108] 在馆    
3 1387169   213871693   第一借阅区/ [索取号:B248.25/108] 在馆    
4 1387170   213871700   第一借阅区/ [索取号:B248.25/108] 在馆    
唐山师范学院图书馆 欢迎您!
大连网信软件有限公司© 版权所有